Perspectives on international relations power, institutions, ideas (Registro nro. 76395)

Detalles MARC
000 -ENCABEZADO
Número de control [NR] 00742nam a2200205Ia 4500
008 - DE LONGITUD FIJA DE DATOS DE ELEMENTOS - INFORMACIÓN GENERAL
Elementos de longitud fija [NR] 130821s2012 xxuab gr eng
020 ## - NUMERO INTERNACIONAL NORMALIZADO PARA LIBROS [R]
Número Internacional Normalizado del libro [NR] 978 1 60426 732 7
040 ## - FUENTE DE CATALOGACION [NR]
Agencia de catalogación original [NR] Co-BoUCM.
Idioma de catalogación [NR] spa
041 00 - CODIGO DE IDIOMA [R]
Código de idioma para texto/pista de sonido o título separado [R] Inglés
100 1# - ASIENTO PRINCIPAL--NOMBRE PERSONAL [NR]
Nombre personal [NR] Nau, Henry R.
Fechas asociadas con el nombre [NR] 1941-
ID Autoridad 169470
245 10 - MENCION DE TITULO [NR]
Título [NR] Perspectives on international relations power, institutions, ideas
Mención de responsabilidad, etc. [NR] Henry R. Nau
250 ## - MENCION DE EDICION [NR]
Mención de edición [NR] 3a ed.
260 ## - PUBLICACION, DISTRIBUCION, ETC. (PIE DE IMPRENTA) [R]
Lugar de publicación, distribución, etc. [R] Washington D.C. (Estados Unidos)
Nombre del editor, distribuidor, etc. [R] CQ Press
Fecha de publicación, distribución, etc. [R] 2012
300 ## - DESCRIPCION FISICA [R]
Extensión [R] xxxvi, 524 páginas
Otros detalles físicos [NR] ilustraciones, mapas
504 ## - NOTA DE BIBLIOGRAFIA, ETC. [R]
Nota de bibliografía, etc. [NR]
650 ## - ASIENTO SECUNDARIO DE MATERIA - TERMINO TEMATICO [R]
Término temático o nombre geográfico como elemento de entrada [NR] Política internacional
9 (RLIN) 21990
650 ## - ASIENTO SECUNDARIO DE MATERIA - TERMINO TEMATICO [R]
Término temático o nombre geográfico como elemento de entrada [NR] Relaciones internacionales
9 (RLIN) 8042
942 ## - ELEMENTOS DE ENTRADA AGREGADOS (KOHA)
Tipo de ítem principal el descrito en 300a Libro
Tema principal Ciencia política
Edición 3
Parte restante de la signatura top. N287p
Sistema de clasificación DEWEY
Clasificación 327.101
Existencias
Fecha de último préstamo Total préstamos Total Renewals Signatura topográfica Código de barras Última vez visto Volúmen / Fascículo Ejemplar Price effective from Tipo de ítem Perdido Sistema de clasificación Dañado No prestable Tipo de ítem específico Suprimido Ubicación habitual Ubicación actual Localización Fecha de creación Forma de adquisición Costo
09/08/2022 19 4 327.101 N287p 100121123 10/06/2026 3a. Ed. Ej.1 03/02/2013 Libro   DEWEY     Libro   Claustro Claustro 3er piso 30/09/2011 Compra 104000.00